000 00695nam a2200253 a 4500
003 AR-BaBNM
005 20251128210543.0
008 082120s2002 ||||||||||||||000 | spa||
020 _a987-97941-4-1
040 _cAR-BaBNM
100 1 _aCarlassare de de Fonteynes, Victorina
245 0 0 _aPoemario breve
250 _a1ª ed.
260 _aSanta Rosa
_bMinisterio de Cultura y Educación de la provincia de La Pampa
_c1999
300 _a60 p.
_bil.
490 0 _aRaíces pampeanas. Literatura
_vv. 3
650 4 _aLITERATURA ARGENTINA
650 4 _aPOESIA
650 4 _aLITERATURA CONTEMPORANEA
650 4 _aANTOLOGIAS
655 _aLITERATURA
942 _cBK
998 _cMARTIN
999 _c15917
_d15917